000 00578nam a2200217Ia 4500
003 OSt
005 20220928133353.0
006 a|||||r|||| 00| 0
007 ta
008 220927b |||||||| |||| 00| 0 eng d
024 _a93819
037 _cTextual
040 _aSDCL
_cSDCL
_beng
041 _2eng
_aeng
082 _aV5'N39<-M48, K7
100 _aTaylor A J P
_9407418
245 0 _aEurope
_b Grandeur and decline.
260 _aMiddlesex
_bPenguin Books
_c1967
942 _hV5'N39<-M48, K7
_cTEXL
_2CC
999 _c799350
_d799350